| 000 | 01613cam a22003857a 4500 | ||
|---|---|---|---|
| 003 | CHAP | ||
| 005 | 20220817041456.0 | ||
| 008 | 971013s1970 r 00010 d | ||
| 010 | _a15549 | ||
| 011 | _a16521 | ||
| 035 | _a20601 | ||
| 040 | _cCHAP | ||
| 082 |
_a636.08923 _bB3Y |
||
| 100 | 0 | 0 |
_aBateman, John V. _910789 |
| 245 | 0 | _aNutrición animal ; manual de métodos analíticos | |
| 260 |
_aMéxico, D. F. : _bHerrero Hnos., _c1970 |
||
| 300 |
_a468 p. _b: ilus. |
||
| 590 |
_aBATCH-UPD _b10 _c20130110 _lUCH01 _h1546 |
||
| 590 |
_aBATCH-UPD _b10 _c20130410 _lUCH01 _h0946 |
||
| 590 |
_aBATCH-UPD _b10 _c20130914 _lUCH01 _h1845 |
||
| 590 |
_aCONVERSION _b10 _c20130109 _lUCH01 _h1310 |
||
| 650 | 1 | 4 | _aNutrición animal. |
| 901 | _aBK | ||
| 942 | _cLIBRO | ||
| 949 |
_a636.08923 B3Y _bBC _cLIBRO _d33724000275608 _eLIBRO _fc.2 _h16611 _i20601 _si |
||
| 949 |
_a636.08923 B3Y _bBC _cLIBRO _d33724000275616 _eLIBRO _fc.3 _h16626 _i20601 _si |
||
| 949 |
_a636.08923 B3Y _bBC _cLIBRO _d33724000275624 _eLIBRO _fc.4 _h16627 _i20601 _si |
||
| 949 |
_a636.08923 B3Y _bBC _cLIBRO _d33724000275657 _eLIBRO _fc.5 _h16628 _i20601 _si |
||
| 949 |
_a636.08923 B3Y _bBC _cLIBRO _d33724000275673 _eLIBRO _h15105 _i20601 _si |
||
| 949 |
_a636.08923 B3Y _bBC _cLIBRO _d33724000275681 _eLIBRO _fc.8 _h39564 _i20601 _si |
||
| 949 |
_a636.08923 B3Y _bBC _cLIBRO _d33724000275699 _eLIBRO _fc.10 _h40055 _i20601 _si |
||
| 949 |
_a636.08923 B3Y _bBC _cLIBRO _d33724000275707 _eLIBRO _fc.12 _h75951 _i20601 _si |
||
| 949 |
_a636.08923 B3Y _bBC _cLIBRO _d33724000572459 _eLIBRO _fc.11 _h59411 _i20601 _si |
||
| 949 |
_a636.08923 B3Y _bBC _cLIBRO _d33724000579579 _eLIBRO _fc.6 _h16629 _i20601 _si |
||
| 999 |
_c15549 _d15549 |
||